Thuần dưỡng và thủy canh hoa cúc đồng tiền (Gerbera jamesonii) : Luận văn Thạc sĩ Khoa học Nông nghiệp chuyên ngành Trồng trọt

Đề tài nghiên cứu sự thuần dưỡng và thuỷ canh hoa cúc đồng tiền nhằm xác định giá thể thích hợp thuần dưỡng cúc đồng tiền cấy mô, xác định loại dinh dưỡng và giá thể thích hợp cho giai đoạn sinh trưởng của cúc đồng tiền thuỷ canh, xa...

Full description

Saved in:
Bibliographic Details
Main Author: Thái, Hoàng Phúc
Format: Book
Language:Undetermined
Published: Cần Thơ Trường Đại học Cần Thơ 2011
Subjects:
Tags: Add Tag
No Tags, Be the first to tag this record!
Institutions: Trung tâm Học liệu Trường Đại học Cần Thơ
LEADER 01302nam a2200217Ia 4500
001 CTU_171200
008 210402s9999 xx 000 0 und d
082 |a 635.9674 
082 |b Ph506 
088 |a 606201 
100 |a Thái, Hoàng Phúc 
245 0 |a Thuần dưỡng và thủy canh hoa cúc đồng tiền (Gerbera jamesonii) : 
245 0 |b Luận văn Thạc sĩ Khoa học Nông nghiệp chuyên ngành Trồng trọt 
245 0 |c Thái Hoàng Phúc ; Nguyễn Bảo Toàn ( Hướng dẫn khoa học ) 
260 |a Cần Thơ 
260 |b Trường Đại học Cần Thơ 
260 |c 2011 
520 |a Đề tài nghiên cứu sự thuần dưỡng và thuỷ canh hoa cúc đồng tiền nhằm xác định giá thể thích hợp thuần dưỡng cúc đồng tiền cấy mô, xác định loại dinh dưỡng và giá thể thích hợp cho giai đoạn sinh trưởng của cúc đồng tiền thuỷ canh, xác định lượng canxi bổ sung thích hợp cho sự ra hoa của cúc đồng tiền thuỷ canh 
650 |a Cây cảnh,Plants, ornamental 
904 |i Tuyền, Hải 
980 |a Trung tâm Học liệu Trường Đại học Cần Thơ